01014nam a22001937a 450000500170000000800410001702000180005804000070007604100080008308200180009110000150010924500370012425000120016126000380017330000290021152005380024065000210077870000210079920240110160249.0240110b ||||| |||| 00| 0 eng d a9780071127011 cAL aeng 223a591bMAYP aErnst Mayr aPrinciples of systematic zoology a2nd ed. aNew YorkbMcGraw Hill, Inc.c1991 axx,475p.bPBc22.8x15cm. aThis text is intended for senior or postgraduate courses in systematics, particularly animal taxonomy. Practical suggestions for taxonomic practice are included and explanations of the basic concepts of taxonomy are emphasized as well as the definition of traditional terms used in taxonomy. The treatment of taxonomy is in two parts. Part A is devoted to microtaxonomy and Part B is devoted to macro taxonomy. There is a new chapter on the methods of numerical taxonomy, and an extensive treatment of the new approaches in taxonomy. 2ZoologyaZoology aAshlock, Peter D